000 00721nam a22002417a 4500
005 20181228160412.0
008 181228b xxu||||| |||| 00| 0 eng d
020 _a978-2-294-74459-4
040 _aBUAC
_cBUC
_dFr
041 _aFre
100 _aDejours, Christophe
245 _aPsychopathologie du travail
_c/ par Christophe Dejours, Isabelle Gernet
250 _a2è.éd.
260 _aPologne :
_bElsevier Masson,
_c2016
300 _a176 p.
_c21 cm
440 _a(Psychopathologie)
500 _aBibliogr. pp.(158- 171); Index. pp. (172 - 1176)
630 _aPHILOSOPHIE-PSYCHOLOGIE
650 _aPSYCHOLOGIE
651 _aTravail: : psychopathologie
700 _aGernet, Isabelle
942 _cLBA
999 _c57853
_d57853